header

The business of genocide (Record no. 8236)

MARC details
000 -LEADER
fixed length control field 01617nam a2200361 a 4500
001 - CONTROL NUMBER
control field ebr10026308
003 - CONTROL NUMBER IDENTIFIER
control field CaPaEBR
006 - FIXED-LENGTH DATA ELEMENTS--ADDITIONAL MATERIAL CHARACTERISTICS--GENERAL INFORMATION
fixed length control field m u
007 - PHYSICAL DESCRIPTION FIXED FIELD--GENERAL INFORMATION
fixed length control field cr cn|||||||||
008 - FIXED-LENGTH DATA ELEMENTS--GENERAL INFORMATION
fixed length control field 010608s2002 ncua sb s001 0 eng
010 ## - LIBRARY OF CONGRESS CONTROL NUMBER
Canceled/invalid LC control number 2001041474
020 ## - INTERNATIONAL STANDARD BOOK NUMBER
Cancelled/invalid ISBN 0807826774 (alk. paper)
040 ## - CATALOGING SOURCE
Original cataloging agency CaPaEBR
Transcribing agency CaPaEBR
035 ## - SYSTEM CONTROL NUMBER
System control number (OCoLC)70737274
050 14 - LIBRARY OF CONGRESS CALL NUMBER
Classification number DD253.6
Item number .A65 2002eb
082 04 - DEWEY DECIMAL CLASSIFICATION NUMBER
Classification number 940.53/18
Edition number 21
100 1# - MAIN ENTRY--PERSONAL NAME
Personal name Allen, Michael Thad.
245 14 - TITLE STATEMENT
Title The business of genocide
Medium [electronic resource] :
Remainder of title the SS, slave labor, and the concentration camps /
Statement of responsibility, etc Michael Thad Allen.
260 ## - PUBLICATION, DISTRIBUTION, ETC. (IMPRINT)
Place of publication, distribution, etc Chapel Hill, N.C. :
Name of publisher, distributor, etc University of North Carolina Press,
Date of publication, distribution, etc c2002.
300 ## - PHYSICAL DESCRIPTION
Extent xii, 376 p. :
Other physical details ill.
504 ## - BIBLIOGRAPHY, ETC. NOTE
Bibliography, etc Includes bibliographical references (p. [347]-365) and index.
533 ## - REPRODUCTION NOTE
Type of reproduction Electronic reproduction.
Place of reproduction Palo Alto, Calif. :
Agency responsible for reproduction ebrary,
Date of reproduction 2013.
Note about reproduction Available via World Wide Web.
-- Access may be limited to ebrary affiliated libraries.
610 20 - SUBJECT ADDED ENTRY--CORPORATE NAME
Corporate name or jurisdiction name as entry element Nationalsozialistische Deutsche Arbeiter-Partei.
Subordinate unit SS-Wirtschafts-Verwaltungshauptamt
General subdivision History.
650 #0 - SUBJECT ADDED ENTRY--TOPICAL TERM
Topical term or geographic name as entry element World War, 1939-1945
General subdivision Conscript labor
Geographic subdivision Germany.
Topical term or geographic name as entry element World War, 1939-1945
General subdivision Concentration camps
Geographic subdivision Germany.
Topical term or geographic name as entry element Genocide
Geographic subdivision Germany
General subdivision History
Chronological subdivision 20th century.
Topical term or geographic name as entry element Holocaust, Jewish (1939-1945)
Topical term or geographic name as entry element Forced labor
Geographic subdivision Germany
General subdivision History
Chronological subdivision 20th century.
Topical term or geographic name as entry element Holocaust, Jewish (1939-1945)
Geographic subdivision Germany.
655 #7 - INDEX TERM--GENRE/FORM
Genre/form data or focus term Electronic books.
Source of term local
710 2# - ADDED ENTRY--CORPORATE NAME
Corporate name or jurisdiction name as entry element ebrary, Inc.
856 40 - ELECTRONIC LOCATION AND ACCESS
Uniform Resource Identifier <a href="http://site.ebrary.com/lib/rucke/Doc?id=10026308">http://site.ebrary.com/lib/rucke/Doc?id=10026308</a>
Public note An electronic book accessible through the World Wide Web; click to view

No items available.

© 2026 Rongo University
Contact us: librarian | system librarian | Rongo university